Arioso suivi de le papier d´ arménie

Bewaard in:
Bibliografische gegevens
Hoofdauteur: Maheux-Forcier, Louise
Formaat: Boek
Taal:Undetermined
Gepubliceerd in: Montreal, Canadá Pierre Tisseyre 1981
Onderwerpen:
Tags: Voeg label toe
Geen labels, Wees de eerste die dit record labelt!

MARC

LEADER 00000nam a2200000Ia 4500
008 170316s9999 xx 000 0 und d
040 |a cru BVZT 
090 |a 818 M-3a 
100 |a Maheux-Forcier, Louise 
245 |a Arioso suivi de le papier d´ arménie 
260 |a Montreal, Canadá 
260 |b Pierre Tisseyre 
260 |c 1981 
300 |a 240 páginas 
650 |a LITERATURA CANADIENSE 
999 |c 6556  |d 6556 
942 |c 15 D  |h 818 M-3a  |2 z